00473cam a2200169ua 450000100060000000800390000602000180004504000090006308200100007210000250008224500700010725000120017726000480018930000100023765300400024765300160028711679191017n ii |||gr||||Z||||||eng a9789350536858 cMAIN a930.1 aS.K Goel .,eAuthor. aArchaeology : btheories methods and practices / cBy S.K Goel .  a1st ed. aNew Delhi:bCyber Tech publications,c2018. a232p. aHistory of ancient world to ca. 499 aArchaeology